000 01053cam a22002174a 4500
005 20250605164307.0
008 250528s ||||||||||||||||||||||||d
035 _a22311
020 _a9789607745286
040 _aGR-AtMCL
_bgre
_dGR-AtMCL
_eAACR2
245 1 _aΜάρκετινγκ / Αρχές - Στρατηγικές - Εφαρμογές
250 _a
260 _bRosili,
_c2010
300 _a328
520 _aΤο βιβλίο "Μάρκετινγκ: Αρχές-Στρατηγικές-Εφαρμογές" παρουσιάζει το ακόμη άγνωστο και παρεξηγημένο αντικείμενο του μάρκετινγκ και προσφέρει στο ελληνικό εκπαιδευτικό και επαγγελματικό τοπίο μια πρόταση σύγχρονη που συνδέει τη θεωρία με την πράξη.
700 1 _aΔημητριάδης Σέργιος
_98173
700 1 _aΤζωρτζάκη Αλεξία Κ
_92866
942 _cBK
999 _c7365
_d7365